|
|
|
|
| LEADER |
00000nas a2200000 a 4500 |
| 001 |
ssj0000331820 |
| 003 |
WaSeSS |
| 005 |
20200512172242.0 |
| 006 |
m d |
| 007 |
cr n |
| 008 |
060404c19999999io fr p s 0 a0eng |
| 010 |
|
|
|a 2006326928
|
| 022 |
|
|
|l 1411-2639
|y 1411-2639
|
| 035 |
|
|
|a (WaSeSS)ssj0000331820
|
| 037 |
|
|
|b Research Center, Petra Christian University, Jl. Siwalankerto 121-131, Surabaya 60236
|c Rp. 17,500
|
| 040 |
|
|
|a DLC
|b eng
|c DLC
|d DLC
|d OCLCQ
|d OCLCF
|d CUS
|d RDF
|d WaSeSS
|
| 042 |
|
|
|a pcc
|
| 050 |
0 |
0 |
|a P1
|b .K38
|
| 130 |
0 |
|
|a Kata (Surabaya, Indonesia)
|
| 210 |
0 |
|
|a Kata
|b (Sby.)
|
| 222 |
|
0 |
|a Kata
|b (Surabaya)
|
| 245 |
1 |
0 |
|a Kata
|h [electronic resource] :
|b a biannual publication on the study of language and literature.
|
| 260 |
|
|
|a Surabaya :
|b Faculty of Letters, Petra Christian University
|
| 310 |
|
|
|a Semiannual
|
| 362 |
1 |
|
|a Began in Dec. 1999.
|
| 500 |
|
|
|a The first letter "a" in title "Kata" is represented by an "at" symbol.
|
| 506 |
|
|
|a License restrictions may limit access.
|
| 588 |
|
|
|a Description based on: Vol. 2, no. 1 (June 2000); title from cover.
|
| 588 |
|
|
|a Latest issue consulted: Vol. 7, no. 2 (Dec. 2005).
|
| 650 |
|
0 |
|a Language and languages
|v Periodicals.
|
| 650 |
|
0 |
|a Language and languages
|x Study and teaching
|v Periodicals.
|
| 650 |
|
0 |
|a Literature
|v Periodicals.
|
| 650 |
|
0 |
|a Literature
|x Study and teaching
|v Periodicals.
|
| 650 |
|
7 |
|a Language and languages.
|2 fast
|0 (OCoLC)fst00992154
|
| 650 |
|
7 |
|a Language and languages
|x Study and teaching.
|2 fast
|0 (OCoLC)fst00992220
|
| 650 |
|
7 |
|a Literature.
|2 fast
|0 (OCoLC)fst00999953
|
| 650 |
|
7 |
|a Literature
|x Study and teaching.
|2 fast
|0 (OCoLC)fst01000024
|
| 655 |
|
0 |
|a Electronic journals.
|
| 710 |
2 |
|
|a Universitas Kristen Petra.
|b Fakultas Sastra.
|
| 850 |
|
|
|a DLC
|
| 856 |
4 |
0 |
|z Full text available from Research Library: 06/01/2003 to 06/30/2017
|u https://search.proquest.com/publication/27934
|